000
00316nam a22001337a 4500
008
170216b xxu||||| |||| 00| 0 eng d
020
_a
9780815136309
041
_a
eng
080
_2
4TH
_a
615
100
_a
5
101
_a
SHF
245
_C
APLIED PHARMACOLOGY FOR THE DENTAL HYGIENIST
_c
CLARK, B.R
942
_2
udc
_c
BK
999
_c
5694
_d
5694